000 00683nam a2200253Ia 4500
003 OSt
005 20221005063007.0
006 a|||||r|||| 00| 0
007 ta
008 221004b |||||||| |||| 00| 0 eng d
020 _a0226473317
024 _a76127
037 _cTextual
040 _aCRL
_cCRL
_beng
041 _2eng
_aeng
082 _aO111,3:g, L5
100 _aLesser Simon O.
_965968
245 0 _aFiction and the unconscious
260 _aLondon
_bThe University of Chicago Press Great Britain
_c1975
300 _a321p.
_ccm.
650 _aENGLISH LITERATURE
942 _hO111,3:g, L5
_cTEXL
_2cc
999 _c970686
_d970686